Vplyv medzinárodných organizácii na cenu ropy na príklade OPEC bakalárska práca

Na minha lista:
Detalhes bibliográficos
Autor principal: Gajdová, Kristína
Autor Corporativo: Fakulta medzinárodných vzťahov EU. Katedra medzinárodných politických vzťahov
Outros Autores: Grešš, Martin, 1978-
Formato: Livro
Idioma:eslovaco
Publicado em: Bratislava 2018
Tags: Adicionar Tag
Sem tags, seja o primeiro a adicionar uma tag!

MARC

LEADER 00000nbm a2200000 4500
001 0244520
005 20180802074633.1
041 0 |a slo 
044 |a SK 
245 1 0 |a Vplyv medzinárodných organizácii na cenu ropy na príklade OPEC  |b bakalárska práca  |c Kristína Gajdová ; školiteľ: Martin Grešš 
264 1 |a Bratislava  |c 2018 
300 |a 52 s. 
100 1 |a Gajdová, Kristína 
700 1 |a Grešš, Martin, 1978- 
710 2 |a Fakulta medzinárodných vzťahov EU. Katedra medzinárodných politických vzťahov